[Event "Hamburg HSK Easter op"]
[Site "Hamburg"]
[Date "2025.04.20"]
[Round "6"]
[White "Neumann, Hannes"]
[Black "Perschk, Bendix"]
[Result "1/2-1/2"]
[WhiteElo "1655"]
[BlackElo "1769"]
[PlyCount "57"]
[EventDate "2025.04.18"]
[EventType "swiss"]
[EventRounds "7"]
[EventCountry "GER"]
[SourceTitle "CB20_2025"]
[SourceDate "2025.05.14"]
[SourceVersion "1"]
[SourceVersionDate "2025.05.14"]
[SourceQuality "1"]

1. e4 Nf6 2. Nc3 d5 3. exd5 Nxd5 4. Nf3 Nc6 5. d4 Bg4 6. Bc4 e6 7. Qe2 Nxd4 8. Qe4 Nxf3+ 9. gxf3 Bf5 10. Qe5 Qf6 11. Qxf6 Nxf6 12. Bf4 Bb4 13. Bxc7 0-0 14. Be5 Rfc8 15. Bb3 Nd7 16. Bd4 e5 17. Be3 Rxc3 18. bxc3 Bxc3+ 19. Ke2 Bxa1 20. Rxa1 a5 21. a4 Rc8 22. Rd1 Kf8 23. Rd2 Ke7 24. f4 Rc3 25. fxe5 Nxe5 26. Bd4 Bg4+ 27. Kf1 Bh3+ 28. Ke2 Bg4+ 29. Kf1 1/2-1/2

[Event "Dortmund Sparkassen op-B 47th"]
[Site "Dortmund"]
[Date "2019.07.18"]
[Round "6"]
[White "Dordevic, Tom"]
[Black "Perschk, Bendix"]
[Result "1-0"]
[WhiteElo "1555"]
[BlackElo "1684"]
[PlyCount "83"]
[EventDate "2019.07.13"]
[EventType "swiss"]
[EventRounds "9"]
[EventCountry "GER"]
[SourceTitle "CBM 192 Extra"]
[Source "Chessbase"]
[SourceDate "2019.11.06"]
[SourceVersion "1"]
[SourceVersionDate "2019.11.06"]
[SourceQuality "1"]

1. e4 c5 2. Nf3 a6 3. Nc3 Nc6 4. Be2 d6 5. d4 cxd4 6. Nxd4 e6 7. 0-0 Be7 8. f4 Qb6 9. Be3 Qxb2 10. Qd2 Qa3 11. Nxc6 bxc6 12. Bb6 Nf6 13. Rfb1 d5 14. Rb3 Bc5+ 15. Kh1 Qxb3 16. axb3 Bxb6 17. e5 Nd7 18. Na4 Bd8 19. Qc3 Nb8 20. Nc5 0-0 21. Ra4 Be7 22. g3 f6 23. Nd3 Bb7 24. exf6 c5 25. Kg1 d4 26. Qa5 Bxf6 27. Nxc5 Bd5 28. Nxa6 Rc8 29. Qd2 Nc6 30. Nc5 Ne7 31. Nd3 Nf5 32. Ne5 Rcb8 33. Bc4 Rxa4 34. bxa4 Rb1+ 35. Kf2 Rh1 36. Bxd5 Rxh2+ 37. Bg2 Ne3 38. Qxd4 Nxg2 39. Kg1 Ne1 40. Kxh2 Nf3+ 41. Nxf3 Bxd4 42. Nxd4 1-0

[Event "Dortmund Sparkassen op-B 47th"]
[Site "Dortmund"]
[Date "2019.07.13"]
[Round "1"]
[White "Perschk, Bendix"]
[Black "Althoff, Ralph"]
[Result "0-1"]
[WhiteElo "1684"]
[BlackElo "1983"]
[PlyCount "70"]
[EventDate "2019.07.13"]
[EventType "swiss"]
[EventRounds "9"]
[EventCountry "GER"]
[SourceTitle "CBM 192 Extra"]
[Source "Chessbase"]
[SourceDate "2019.11.06"]
[SourceVersion "1"]
[SourceVersionDate "2019.11.06"]
[SourceQuality "1"]

1. Nf3 c5 2. g3 g6 3. Bg2 Bg7 4. c3 Nc6 5. 0-0 b6 6. e3 Ba6 7. Re1 Bd3 8. a4 Nf6 9. a5 0-0 10. axb6 axb6 11. Rxa8 Qxa8 12. Na3 Qa6 13. Bf1 Bxf1 14. Rxf1 Qd3 15. Nc2 e5 16. Nce1 Qf5 17. d3 d5 18. Qa4 Rc8 19. Nh4 Qh3 20. f3 g5 21. Nhg2 e4 22. Qc2 Ne5 23. d4 Neg4 24. fxg4 Nxg4 25. Rf5 cxd4 26. exd4 Bxd4+ 27. cxd4 Qxh2+ 28. Kf1 Qh1+ 29. Ke2 Rxc2+ 30. Nxc2 Qxg2+ 31. Kd1 Nf2+ 32. Kd2 Nd3+ 33. Kc3 Nxc1 34. Rxg5+ Kf8 35. Rxd5 Qxg3+ 0-1

[Event "Hamburg HSK Christmas op 4th"]
[Site "Hamburg"]
[Date "2018.12.29"]
[Round "6"]
[White "Perschk, Bendix"]
[Black "Grabbel, Torben Frederik"]
[Result "0-1"]
[WhiteElo "1694"]
[BlackElo "1469"]
[PlyCount "70"]
[EventDate "2018.12.27"]
[EventType "swiss"]
[EventRounds "7"]
[EventCountry "GER"]
[SourceTitle "CBM 188 Extra"]
[Source "ChessBase"]
[SourceDate "2019.02.28"]
[SourceVersion "1"]
[SourceVersionDate "2019.02.28"]
[SourceQuality "1"]

1. e4 e5 2. Nf3 Nc6 3. Bc4 Bc5 4. c3 Nf6 5. d4 exd4 6. e5 d5 7. exd6 Qxd6 8. 0-0 0-0 9. h3 a6 10. b4 Ba7 11. a4 dxc3 12. Qxd6 cxd6 13. Nxc3 Nxb4 14. Ba3 Bc5 15. Bxb4 Bxb4 16. Nd5 Nxd5 17. Bxd5 Rb8 18. Rab1 a5 19. Nd4 Bd7 20. Rfc1 Bxa4 21. Rc7 Bc5 22. Nf5 b5 23. Ne7+ Kh8 24. Nc6 Rbc8 25. Rb7 f5 26. Nxa5 b4 27. Rd1 Rce8 28. Ra1 Re5 29. Rxa4 Rxd5 30. Nc6 Rd1+ 31. Kh2 Bxf2 32. Raxb4 h6 33. Rf4 Bg1+ 34. Kg3 g5 35. Ra4 Rd3# 0-1

[Event "Hamburg HSK Christmas op 4th"]
[Site "Hamburg"]
[Date "2018.12.27"]
[Round "2"]
[White "Perschk, Bendix"]
[Black "Rodrigues, Afonso1"]
[Result "1-0"]
[WhiteElo "1694"]
[BlackElo "1493"]
[PlyCount "65"]
[EventDate "2018.12.27"]
[EventType "swiss"]
[EventRounds "7"]
[EventCountry "GER"]
[SourceTitle "CBM 188 Extra"]
[Source "ChessBase"]
[SourceDate "2019.02.28"]
[SourceVersion "1"]
[SourceVersionDate "2019.02.28"]
[SourceQuality "1"]

1. e4 c5 2. d4 cxd4 3. Nf3 d6 4. Nxd4 Nf6 5. Nc3 a6 6. Be2 e5 7. Nb3 Be6 8. 0-0 Be7 9. f4 Nc6 10. Be3 b5 11. f5 Bxb3 12. axb3 0-0 13. Bf3 Re8 14. Qe1 Qc7 15. Qf2 Bf8 16. Rfd1 Ne7 17. Rd2 Qc6 18. g4 b4 19. Nd5 Nfxd5 20. exd5 Qb7 21. Be4 Nc8 22. f6 gxf6 23. Qf5 Bg7 24. Qxh7+ Kf8 25. Rf1 Na7 26. Bh6 Bxh6 27. Qxh6+ Ke7 28. Qxf6+ Kd7 29. Qxf7+ Re7 30. Bf5+ Kd8 31. Qf8+ Re8 32. Qxd6+ Qd7 33. Qxd7# 1-0

[Event "Blankenese op 2nd"]
[Site "Hamburg"]
[Date "2018.10.02"]
[Round "6.21"]
[White "Perschk, Bendix"]
[Black "Becker Bertau, Friedrich"]
[Result "0-1"]
[WhiteElo "1712"]
[BlackElo "1873"]
[PlyCount "50"]
[EventDate "2018.09.29"]
[EventType "swiss"]
[EventRounds "7"]
[EventCountry "GER"]
[SourceTitle "EXT 2020"]
[Source "ChessBase"]
[SourceDate "2019.10.17"]
[SourceVersion "1"]
[SourceVersionDate "2019.10.17"]
[SourceQuality "1"]

1. e4 c5 2. d4 e6 3. dxc5 Bxc5 4. Nc3 Nc6 5. Bc4 a6 6. Nf3 b5 7. Bb3 Nge7 8. 0-0 0-0 9. Qe2 Qc7 10. a4 b4 11. Nd1 Ng6 12. Be3 Bd6 13. h3 Bb7 14. Qd2 Na5 15. e5 Be7 16. Nd4 Nxe5 17. f4 Nac4 18. Qe2 Nxe3 19. Nxe3 Nc6 20. Rad1 Nxd4 21. Rxd4 Bc5 22. Rd2 d5 23. Kh1 a5 24. f5 Ba6 25. Qg4 Bxe3 0-1